000 00435nam a2200157Ia 4500
005 20250424120310.0
008 250424s9999 xx 000 0 und d
022 _a03310000
050 _aZ 965.L24 .N53/
245 0 _aNigerbiblios
260 _bThe National Library Of Nigeria
260 _c2005
300 _aiv. , 133 p. : ill. ; 30 cm.
650 _aNational Library of Nigeria. Libraries--Nigeria--Periodicals.
942 _cSR
999 _c38516
_d38516